[Event "Druzynowe Mistrzostwa Polski Juniorow - I Liga"]
[Site "Ustron"]
[Date "2011-06-26"]
[Round "2.30"]
[White "Jaskiewicz, Kamila"]
[Black "Antolak, Julia"]
[Result "1/2-1/2"]
[WhiteTitle "I"]
[BlackTitle "II+"]
[WhiteElo "1620"]
[BlackElo "1509"]

1. Nf3 d5 2. c4 c6 3. b3 Nf6 4. Bb2 Bg4 5. g3 e6 6. Bg2 Be7 7. O-O O-O 8. d3 Nbd7
9. Nbd2 Re8 10. Rc1 Bd6 11. d4 e5 12. dxe5 Nxe5 13. cxd5 cxd5 14. h3 Bf5 15. Nd4
Bg6 16. Nb1 Bxb1 17. Rxb1 Nc6 18. e3 Nxd4 19. Bxd4 Be5 20. Rc1 Ne4 21. Qd3 Bxd4
22. Qxd4 Qa5 23. Rc2 Rad8 24. Rd1 h6 25. a4 Re7 26. h4 Ree8 27. Rdc1 Qa6 28. Rc7
Qe2 29. R7c2 Qa6 30. Bf1 Qa5 31. Bb5 Re6 32. Rc7 Nd2 33. Qc3 Qxc3 34. R7xc3 a6
35. Be2 Ne4 36. Rc8 Rxc8 37. Rxc8+ Kh7 38. Bd3 Rb6 39. f3 Rxb3 40. Bc2 Rxe3 41.
fxe4 dxe4 42. Kg2 f5 43. h5 b5 44. Kf2 Rf3+ 45. Kg2 Re3 46. Kf2 Rf3+ 47. Kg2 Re3
48. Kf2 Rf3+ 1/2-1/2